000 00708nam a22002057a 4500
005 20251108165814.0
008 250721s1980 xx 000 0 ara d
082 1 4 _aط/625.22/كار
100 1 _aكاري، داود
245 1 0 _aكيف تعمل القاطرة :
_bقاطرة الديزل و القاطرة الكهربائيه /
264 1 _aبيروت :
_bمكتبة لبنان،
_c1980.
300 _a51ص: مص
490 0 _aليديبرد: كيف تعمل ؛10
650 1 7 _aالقطارات
653 _aناشاون صغار (10-14) سنه
700 1 _aعابدين، علاء الدين
_eترجمة
700 1 _aالخطيب، أحمد شفيق
942 _2ddc
_cBK
999 _c31736
_d31736